000 00331nam a2200145Ia 4500
100 _aPoht/Micheal J
942 _cBK
654 _acomputer
245 _aSoftware Enginering with C++ and CASE Tools
260 _bAddison Wesley Pub
_aNew york
_c1996
082 _a5.1
_bPON
300 _a963
546 _aENGLISH
999 _c18412
_d18412